00529nam a2200121Ia 4500008004100000082002300041100003000064245008900094260004000183365000600223630008900229730008900318100415s9999 xx 000 0 und d b20606a574.5(5488) aANDREWS, HARRY V.(EDITOR) aSustainable Management of Protected Areas in THe Andaman Nicobar Islands.: Reference aNEW DELHIc2002bANET, IIPA AND FFI b1 aSustainable Management of Protected Areas in THe Andaman Nicobar Islands.: Reference aSustainable Management of Protected Areas in THe Andaman Nicobar Islands.: Reference